Design of Passive Controlled Iot Based Smart Cpm for Lower Limb / (Record no. 607463)
[ view plain ]
| 000 -LEADER | |
|---|---|
| fixed length control field | 01864nam a22001577a 4500 |
| 082 ## - DEWEY DECIMAL CLASSIFICATION NUMBER | |
| Classification number | 610 |
| 100 ## - MAIN ENTRY--PERSONAL NAME | |
| Personal name | Shahnaz, Iram |
| 245 ## - TITLE STATEMENT | |
| Title | Design of Passive Controlled Iot Based Smart Cpm for Lower Limb / |
| Statement of responsibility, etc. | Iram Shahnaz |
| 264 ## - PRODUCTION, PUBLICATION, DISTRIBUTION, MANUFACTURE, AND COPYRIGHT NOTICE | |
| Place of production, publication, distribution, manufacture | Islamabad : |
| Name of producer, publisher, distributor, manufacturer | SMME- NUST; |
| Date of production, publication, distribution, manufacture, or copyright notice | 2023. |
| 300 ## - PHYSICAL DESCRIPTION | |
| Extent | 42p. |
| Other physical details | Soft Copy |
| Dimensions | 30cm |
| 500 ## - GENERAL NOTE | |
| General note | Muscle strength and range of motion in the knee joint are impacted following total knee replacement and anterior cruciate ligament surgery. As a result, the goal of this research is to design a rehabilitative device to improve knee joint muscle strength and range of motion. The global population of people with mobility disorders is growing, which increases the demand for rehabilitation and physiotherapy devices. Automated assistive tools and devices have shown to be extremely effective and necessary in the treatment of physical injuries and impairments. Physiotherapists might use android technology to remotely set the degrees of flexion/extension, the pace of movement, and duration. The Android application will also save the patient's exercise history and can convey the patient's input about his condition's progress to the physiotherapist.<br/>The normal active knee range of motion is as follows: Knee Flexion ROM: 135 deg (completely bent), Knee Extension ROM: 0 degrees (totally straight). External Knee Rotation ROM: 30-40 deg, Internal Knee Rotation ROM: 10deg Normal passive knee ROM is as follows: Passive Knee Flexion ROM: up to 150deg, depending on leg size - the limit is the calf pushing towards the back of the thigh, Passive knee extension range of motion (ROM): up to 10deg hyperextension is deemed typical. |
| 650 ## - SUBJECT ADDED ENTRY--TOPICAL TERM | |
| Topical term or geographic name entry element | MS Biomedical Engineering (BME) |
| 700 ## - ADDED ENTRY--PERSONAL NAME | |
| Personal name | Supervisor : Dr. Muhammad Asim Waris |
| 856 ## - ELECTRONIC LOCATION AND ACCESS | |
| Uniform Resource Identifier | <a href="http://10.250.8.41:8080/xmlui/handle/123456789/32656">http://10.250.8.41:8080/xmlui/handle/123456789/32656</a> |
| 942 ## - ADDED ENTRY ELEMENTS (KOHA) | |
| Source of classification or shelving scheme | |
| Koha item type | Thesis |
| Withdrawn status | Permanent Location | Current Location | Shelving location | Date acquired | Full call number | Barcode | Koha item type |
|---|---|---|---|---|---|---|---|
| School of Mechanical & Manufacturing Engineering (SMME) | School of Mechanical & Manufacturing Engineering (SMME) | E-Books | 01/22/2024 | 610 | SMME-TH-831 | Thesis |
